000 01232ncm0a22003371 4500
001 RU\NLR\ONIZ\214824
005 20250626034815.0
035 _aRU\NLR\ONIZ\GALA\5000028861\20160919130917
035 _a(NLR Aleph) 011273447
071 2 0 _aDSCH
090 _a10831093
_c10831093
100 _a20160919d2001 |||y0rusy50 ca
101 0 _arus
102 _aRU
125 _axx
200 1 _aКвартет № 12
_bНоты
_dQuartet № 12
_eдля 2 скрипок, альта и виолончели
_fД. Шостакович
_zeng
208 _aГолоса
210 _aМосква
_cDSCH
_dcop. 2001
215 _a4 партии (67 с. разд. паг.)
_d29 см
606 1 _aКвартеты струнные
_xГолоса
_yСССР
_z20 в.
_2nlr_sh
686 _aЩ952.507-040.2(2)Г
_vLBC/SL
_2rubbk
700 1 _9z01790
_aШостакович
_bД. Д.
_f1906-1975
_gДмитрий Дмитриевич
_4230
790 1 _9z01700
_aShostakovich
_bD. D.
_f1906-1975
_gDmitrij Dmitrievich
_4230
801 0 _aRU
_bNLR
_c20160919
_gPSBO
801 1 _aRU
_bNLR
_c20160919
_2rusmarc
801 2 _aRU
_bNLR
_c20160919
852 _aNLR
_bМ
_jК-3/24373(12)
_p281709
_t1
942 _cSCORE
980 _aNB
980 _aONIZ